[Event "Buga School Girls A"]
[Site "Buga"]
[Date "2010.07.24"]
[Round "4.1"]
[White "Cano, Andrea Fernanda"]
[Black "Arroyabe, Marisol"]
[Result "0-1"]
[WhiteElo "1400"]
[BlackElo "1500"]
[PlyCount "82"]
[EventDate "2010.07.23"]
[EventType "swiss (rapid)"]
[EventRounds "5"]
[EventCountry "COL"]
[SourceTitle "EXT 2024"]
[Source "ChessBase"]
[SourceDate "2023.10.10"]
[SourceVersion "1"]
[SourceVersionDate "2023.10.10"]
[SourceQuality "1"]

1. e4 e5 2. Nf3 Nc6 3. Bc4 Bc5 4. c3 d6 5. d4 exd4 6. cxd4 Bb4+ 7. Bd2 Bxd2+ 8. Nbxd2 Nf6 9. 0-0 h6 10. Re1 0-0 11. a3 d5 12. exd5 Nxd5 13. Bxd5 Qxd5 14. Qb3 Be6 15. Qxd5 Bxd5 16. Ne5 Nxd4 17. Rad1 Nc2 18. Nd7 Nxe1 19. Nxf8 Rxf8 20. Rxe1 Rd8 21. Re7 Bxg2 22. Rxc7 Rxd2 23. Kxg2 Rxb2 24. Rc8+ Kh7 25. Rc7 Kg6 26. a4 a5 27. Rc5 b6 28. Rd5 f5 29. Kg3 h5 30. Rd6+ Kh7 31. Rd5 g6 32. h4 Kh6 33. f4 Rb3+ 34. Kg2 Rb4 35. Kg3 Rxa4 36. Rb5 Rb4 37. Rd5 a4 38. Rd2 a3 39. Ra2 Rb3+ 40. Kf2 b5 41. Ke2 Rb2+ 0-1